Türkiye’de sol akımlar : (Record no. 14521)

MARC details
000 -BAŞLIK
Sabit Uzunlukta Kontrol Alanı 00663nam a22002177a 4500
999 ## - SİSTEM KONTROL NUMARALARI (KOHA)
Koha Biblionumber 14521
Koha Biblioitemnumber 14521
003 - KONTROL NUMARASI IDENTIFIER
Denetim Alanı MIRAKIL
005 - SON İŞLEM TARİHİ VE ZAMANI
Denetim Alanı 20211214000620.0
008 - SABİT-BOY VERİ ELEMANLARI - GENEL BİLGİLER
Sabit Uzunlukta Kontrol Alanı 210927b tu ||||| |||| 00| 0 tur d
040 ## - KATALOGLAMA KAYNAK
Orijinal Kataloglama Ajansı TR-AnCHP
Metne Dönüştürmek Ajansı TR-AnCHP
041 ## - DİL KODU
Metin / Ses Parça Veya Ayrı Başlığın Dil Kodu Tur
082 ## - DEWEY ONLU SINIFLANDIRMA NUMARASI
Sınıflandırma Numarası 320.9561
Ürün Numarası T85t 1978
100 ## - ANA GİRİŞ - KİŞİSEL İSİM
Kişisel Ad Tunçay, Mete
245 10 - BAŞLIK TABLOSU
Başlık Türkiye’de sol akımlar :
Başlığın Kalan (1908-1925)/
Sorumluluk Tablosu, Vb Mete Tunçay.
250 ## - EDITION TABLOSU
Baskı Beyanı 3 bs.
260 ## - YAYIN, DAĞITIM, VB
Yayın, Dağıtım, Vb Yeri İstanbul:
Yayıncı, Dağıtıcı, Vs Adı Bilgi Yayınevi,
Yayın, Dağıtım, Vb Tarihi 1978
300 ## - FİZİKSEL TANIM
Kapsam 556 s.:
Diğer Fiziksel Ayrıntıları fotg.; tbl.;
Boyutlar 24 sm.
490 0# - SERİSİ TABLOSU
Seri Beyanı Bilgi Yayınları;
-- Özel Dizi;
Hacim / Ardışık Tanımı 2.
504 ## - KAYNAKÇA VB NOT
Kaynakça Vb Notu Kaynakça ve dizin vardır.
650 #0 - KONU KATMA GİRİŞ - TOPİKAL DÖNEM
Topikal Süreli Veya Coğrafi Ad Giriş Elemanı Siyaset ve yönetim
Genel Alt Bölümü Türkiye
Kronolojik Alt Bölümü 1908-1925
Coğrafi Alt Bölümü Türkiye
9 (RLIN) 9
942 ## - EKLENDİ GİRİŞ ELEMANLARI (KOHA)
Sınıflandırma Veya Raf Düzeni Kaynak Dewey Decimal Classification
Koha Öğesi Türü Books
Holdings
Kalıcı Konum Mevcut Konum Edinme Tarihi Toplam Check-Out'Lar Tam Çağrı Numarası Barkod Tarih Son Görülme İtibaren Geçerli Fiyatlar Sigara Kamu Notu Koha Öğesi Türü
CHP Kütüphanesi CHP Kütüphanesi 09/27/2021   320.9561 T85t 1978 020014 09/27/2021 09/27/2021 Emin Değer Bağışıdır. Books